000 00674nam a2200205 i 4500
001 45376
003 ES-MaACL
005 20230906161216.0
007 t|
008 030325s1860 ddr ||||1| eng d
080 _a821.111-14"18"
100 1 _aColeridge, Samuel Taylor.
_939581
245 1 4 _aThe poems of Samuel Taylor Coleridge /
_cedited by Derwent and Sara Coleridge ; with a biographical memoir by Ferdinand Freiligrath.
260 _aLeipzig :
_bBernhard Tauchnitz,
_c1860.
300 _a344 p. ;
_c16 cm.
700 1 _aColeridge, Derwent.
_939580
700 1 _aColeridge, Sara.
_939582
700 1 _aFreiligrath, Ferdinand.
_952451
852 _aES-MaACL
_jG-12897
999 _c45376
_d45376